[Event "Titled Tuesday intern op 02nd Apr Early"]
[Site "Chess.com INT"]
[Date "2024.04.02"]
[Round "7"]
[White "Melikhov, Evgeny V"]
[Black "Zia, Tahsin Tajwar"]
[Result "1-0"]
[WhiteElo "2172"]
[BlackElo "2241"]
[PlyCount "61"]
[EventDate "2024.04.02"]
[EventType "swiss (blitz)"]
[EventRounds "11"]
[EventCountry "USA"]
[SourceTitle "CB15_2024"]
[SourceDate "2024.04.10"]
[SourceVersion "1"]
[SourceVersionDate "2024.04.10"]
[SourceQuality "1"]

1. d4 Nf6 2. c4 c5 3. d5 b5 4. cxb5 a6 5. b6 d6 6. Nc3 Nbd7 7. a4 Nxb6 8. a5 Nbd7 9. e4 g6 10. Nf3 Bg7 11. Be2 0-0 12. 0-0 Ne8 13. Nd2 Nc7 14. Nc4 Nb5 15. Na4 Rb8 16. Bd2 Nd4 17. Ra3 Ne5 18. Ncb6 f5 19. exf5 Bxf5 20. Bxa6 Bc2 21. Qc1 e6 22. Bc3 Ndf3+ 23. Kh1 Qh4 24. h3 Be4 25. dxe6 Ng4 26. Bxg7 Kxg7 27. Nd7 Nxf2+ 28. Rxf2 Qxf2 29. Nxf8 Rxb2 30. Qxb2+ Qxb2 31. Nxb2 1-0

[Event "Titled Tuesday intern op 02nd Apr Late"]
[Site "Chess.com INT"]
[Date "2024.04.02"]
[Round "3"]
[White "Nunez Hirales, Juan Alejandro"]
[Black "Zia, Tahsin Tajwar"]
[Result "0-1"]
[WhiteElo "1955"]
[BlackElo "2241"]
[PlyCount "54"]
[EventDate "2024.04.02"]
[EventType "swiss (blitz)"]
[EventRounds "11"]
[EventCountry "USA"]
[SourceTitle "CB15_2024"]
[SourceDate "2024.04.10"]
[SourceVersion "1"]
[SourceVersionDate "2024.04.10"]
[SourceQuality "1"]

1. d4 Nf6 2. Nc3 e6 3. Bf4 d6 4. e3 Nbd7 5. Nf3 Be7 6. Bc4 Nh5 7. Bg3 0-0 8. e4 Bf6 9. Qd2 Nxg3 10. hxg3 c6 11. Bd3 e5 12. dxe5 Nxe5 13. Nxe5 dxe5 14. 0-0-0 b5 15. Ne2 Be6 16. Kb1 a5 17. f4 a4 18. Qc3 Qc7 19. f5 Bxf5 20. exf5 e4 21. Qc5 exd3 22. Rxd3 Rfe8 23. Nc3 a3 24. b3 Re5 25. Qf2 b4 26. Nd1 Rae8 27. Qf4 Qe7 0-1

[Event "Titled Tuesday intern op 02nd Apr Late"]
[Site "Chess.com INT"]
[Date "2024.04.02"]
[Round "6"]
[White "Zia, Tahsin Tajwar"]
[Black "Mesquita, Eduardo Barbosa"]
[Result "1-0"]
[WhiteElo "2241"]
[BlackElo "1969"]
[PlyCount "85"]
[EventDate "2024.04.02"]
[EventType "swiss (blitz)"]
[EventRounds "11"]
[EventCountry "USA"]
[SourceTitle "CB15_2024"]
[SourceDate "2024.04.10"]
[SourceVersion "1"]
[SourceVersionDate "2024.04.10"]
[SourceQuality "1"]

1. e4 c5 2. Nf3 d6 3. Bc4 Nf6 4. d3 Nc6 5. 0-0 e6 6. Re1 Be7 7. a4 0-0 8. Nbd2 d5 9. Bb5 Nb8 10. exd5 exd5 11. a5 Bg4 12. h3 Bh5 13. a6 bxa6 14. Bxa6 Nxa6 15. Rxa6 h6 16. b3 Qc7 17. Bb2 Rfe8 18. Qa1 Bg6 19. Qa5 Qb7 20. Ra1 Bd8 21. Qxc5 Bb6 22. Qd6 Re2 23. Bxf6 gxf6 24. d4 Rc8 25. c4 dxc4 26. Nxc4 Bc7 27. Qxf6 Qxb3 28. Nce5 Bd8 29. Qf4 Qc2 30. Qg3 Kg7 31. h4 h5 32. Ng5 Bf6 33. Ngxf7 Rf8 34. Nxg6 Kxf7 35. Ne5+ Ke7 36. Rxa7+ Ke6 37. Qh3+ Kd5 38. Qf3+ Kxd4 39. Nc6+ Kc5 40. R7a5+ Kd6 41. Qd5+ Kc7 42. Ra7+ Kb6 43. R1a6# 1-0

[Event "Titled Tuesday intern op 12th Mar Late"]
[Site "Chess.com INT"]
[Date "2024.03.12"]
[Round "10"]
[White "Stopa, Jacek"]
[Black "Zia, Tahsin Tajwar"]
[Result "1-0"]
[WhiteElo "2335"]
[BlackElo "2241"]
[PlyCount "93"]
[EventDate "2024.03.12"]
[EventType "swiss (blitz)"]
[EventRounds "11"]
[EventCountry "USA"]
[SourceTitle "CB12_2024"]
[SourceDate "2023.10.01"]
[SourceVersion "1"]
[SourceVersionDate "2023.10.01"]
[SourceQuality "1"]

1. d4 Nf6 2. c4 c5 3. Nf3 g6 4. g3 Bg7 5. Bg2 0-0 6. 0-0 d6 7. Nc3 Nc6 8. dxc5 dxc5 9. Qa4 Qa5 10. Bf4 Be6 11. Qxa5 Nxa5 12. b3 Nc6 13. Ne5 Nh5 14. Nxc6 Nxf4 15. Nxe7+ Kh8 16. gxf4 Bxc3 17. Rac1 Bf6 18. Nd5 Bxd5 19. Bxd5 Rae8 20. e3 b6 21. a4 Kg7 22. Kg2 h6 23. Kf3 Re7 24. Rcd1 Rd8 25. Bc6 Rc8 26. Bd5 Rd8 27. Rd3 Red7 28. Rfd1 Bb2 29. Rg1 Bf6 30. f5 g5 31. h4 Kf8 32. hxg5 hxg5 33. Kg4 Ke7 34. Rh1 Rf8 35. Rh7 Rdd8 36. Rd1 Rd6 37. Rdh1 Rdd8 38. R1h5 Rd6 39. R5h6 Rdd8 40. Rg6 Rd6 41. Rgh6 Rdd8 42. e4 Rd6 43. f3 Rdd8 44. e5 Bxe5 45. Re6+ Kd7 46. Rxe5 Kd6 47. Re4 1-0

[Event "Titled Tuesday intern op 13th Feb Early"]
[Site "Chess.com INT"]
[Date "2024.02.13"]
[Round "10"]
[White "Baloglu, Dila"]
[Black "Zia, Tahsin Tajwar"]
[Result "0-1"]
[WhiteElo "1896"]
[BlackElo "2262"]
[PlyCount "30"]
[EventDate "2024.02.13"]
[EventType "swiss (blitz)"]
[EventRounds "11"]
[EventCountry "USA"]
[SourceTitle "CB08_2024"]
[SourceDate "2024.02.21"]
[SourceVersion "1"]
[SourceVersionDate "2024.02.21"]
[SourceQuality "1"]

1. e4 c5 2. Nf3 e6 3. d4 cxd4 4. Nxd4 Nc6 5. Nc3 Qc7 6. g3 h5 7. h4 Nf6 8. Bg2 Ng4 9. 0-0 Bc5 10. Nb3 Qxg3 11. Qxg4 Qxg4 12. Nxc5 d6 13. Nd3 Nd4 14. Bf4 Nf3+ 15. Kh1 Qxh4+ 0-1

[Event "Titled Tuesday intern op 13th Feb Early"]
[Site "Chess.com INT"]
[Date "2024.02.13"]
[Round "6"]
[White "Kuderinov, Kirill"]
[Black "Zia, Tahsin Tajwar"]
[Result "1-0"]
[WhiteElo "2364"]
[BlackElo "2262"]
[PlyCount "95"]
[EventDate "2024.02.13"]
[EventType "swiss (blitz)"]
[EventRounds "11"]
[EventCountry "USA"]
[SourceTitle "CB08_2024"]
[SourceDate "2024.02.21"]
[SourceVersion "1"]
[SourceVersionDate "2024.02.21"]
[SourceQuality "1"]

1. e4 c6 2. d4 d5 3. exd5 cxd5 4. Bd3 Nc6 5. c3 Qc7 6. h3 g6 7. Nf3 Bf5 8. Be2 Nf6 9. 0-0 h6 10. Re1 g5 11. Ne5 e6 12. Bd3 Bxd3 13. Nxd3 Bd6 14. Nd2 0-0-0 15. b4 g4 16. h4 Ne7 17. Bb2 Nf5 18. c4 Kb8 19. Rc1 dxc4 20. Rxc4 Qe7 21. d5 Nxd5 22. Bxh8 Qxh4 23. Qxg4 Qh2+ 24. Kf1 Rxh8 25. Nf3 Nde3+ 26. fxe3 Ng3+ 27. Kf2 Nh1+ 28. Rxh1 Qxh1 29. Ng1 h5 30. Qh3 Qxh3 31. Nxh3 b5 32. Rd4 Kc7 33. a3 a5 34. Rh4 axb4 35. axb4 Kd7 36. Ke2 Ke7 37. g4 Rc8 38. gxh5 Bg3 39. Rg4 Bd6 40. h6 Rc2+ 41. Kf3 Rh2 42. Ndf2 Be5 43. h7 f5 44. Rg8 Kf7 45. h8Q Bxh8 46. Rxh8 e5 47. Kg3 Rxf2 48. Kxf2 1-0

[Event "Titled Tuesday intern op 13th Feb Early"]
[Site "Chess.com INT"]
[Date "2024.02.13"]
[Round "3"]
[White "Tokhirjonova, Gulruhbegim"]
[Black "Zia, Tahsin Tajwar"]
[Result "1-0"]
[WhiteElo "2365"]
[BlackElo "2262"]
[PlyCount "51"]
[EventDate "2024.02.13"]
[EventType "swiss (blitz)"]
[EventRounds "11"]
[EventCountry "USA"]
[SourceTitle "CB08_2024"]
[SourceDate "2024.02.21"]
[SourceVersion "1"]
[SourceVersionDate "2024.02.21"]
[SourceQuality "1"]

1. e4 c6 2. d4 d5 3. e5 Bf5 4. Nf3 e6 5. Be2 Nd7 6. 0-0 a5 7. Nbd2 a4 8. c4 h6 9. b3 axb3 10. Nxb3 dxc4 11. Bxc4 Nb6 12. Bd3 Ne7 13. Nc5 Ra7 14. Rb1 Bxd3 15. Qxd3 Nf5 16. Ba3 Be7 17. g4 Rxa3 18. Qxa3 Nxd4 19. Nxd4 Qxd4 20. Rxb6 0-0 21. Rc1 Rd8 22. Rb4 Qd2 23. Qc3 Qe2 24. Re1 Qxa2 25. Rxb7 Qd5 26. Rxe7 1-0

[Event "Titled Tuesday intern op 13th Feb Early"]
[Site "Chess.com INT"]
[Date "2024.02.13"]
[Round "7"]
[White "Zia, Tahsin Tajwar"]
[Black "Marczuk, Dominik"]
[Result "0-1"]
[WhiteElo "2262"]
[BlackElo "2283"]
[PlyCount "38"]
[EventDate "2024.02.13"]
[EventType "swiss (blitz)"]
[EventRounds "11"]
[EventCountry "USA"]
[SourceTitle "CB08_2024"]
[SourceDate "2024.02.21"]
[SourceVersion "1"]
[SourceVersionDate "2024.02.21"]
[SourceQuality "1"]

1. d4 Nf6 2. c4 g6 3. Nc3 Bg7 4. e4 d6 5. Be2 0-0 6. Be3 e5 7. d5 a5 8. h4 Na6 9. h5 Nc5 10. h6 Bh8 11. f3 c6 12. b3 cxd5 13. cxd5 Bd7 14. Nh3 Nh5 15. Nf2 Ng3 16. Rh2 Nxe2 17. Qxe2 b5 18. Nxb5 Qb6 19. Na3 Qb4+ 0-1

[Event "Dhaka op"]
[Site "Dhaka"]
[Date "2024.01.20"]
[Round "6"]
[White "Zia, Tahsin Tajwar"]
[Black "Ahmed, Sk Nasir"]
[Result "1-0"]
[WhiteElo "2275"]
[BlackElo "2182"]
[PlyCount "159"]
[EventDate "2024.01.15"]
[EventType "swiss"]
[EventRounds "9"]
[EventCountry "BAN"]
[SourceTitle "CB05_2024"]
[SourceDate "2024.01.31"]
[SourceVersion "1"]
[SourceVersionDate "2024.01.31"]
[SourceQuality "1"]

1. d4 Nf6 2. c4 e6 3. g3 d5 4. Bg2 Be7 5. Nf3 0-0 6. 0-0 dxc4 7. Qc2 a6 8. a4 Bd7 9. Rd1 Bc6 10. Nc3 a5 11. e4 Na6 12. Ne5 Nb4 13. Qe2 Nd7 14. Nxc4 Nb6 15. Nxb6 cxb6 16. d5 exd5 17. exd5 Bd7 18. d6 Bf6 19. Be3 Bc6 20. d7 Bg5 21. f4 Be7 22. Qf2 Bxd7 23. Bxb7 Rb8 24. Bf3 Qc8 25. Rac1 Bc5 26. Bxc5 bxc5 27. Rd6 c4 28. Nd5 Nxd5 29. Bxd5 Rb4 30. Qd4 Bxa4 31. Bxf7+ Kh8 32. Be6 Qb7 33. Rd8 Qe7 34. Rxf8+ Qxf8 35. Rxc4 Rxc4 36. Qxc4 Qe8 37. Qc8 Qxc8 38. Bxc8 Kg8 39. Kf2 Kf7 40. Ke3 Ke7 41. Kd4 Kd6 42. g4 Bb3 43. g5 h6 44. gxh6 gxh6 45. Ba6 Be6 46. Bd3 Bb3 47. f5 Bf7 48. Bc4 Be8 49. f6 Bg6 50. Kc3 Bf5 51. Bg8 Bd7 52. Kd4 Bc6 53. Ke3 Ba4 54. Kf4 Bc2 55. Bc4 Bg6 56. Bb3 Bd3 57. Ke3 Bf5 58. Kd4 Bg4 59. f7 Ke7 60. Kc5 Bd7 61. Bc4 a4 62. Bb5 Be6 63. Bxa4 Bxf7 64. b4 Bg6 65. b5 Kd7 66. b6+ Kc8 67. Bc6 Bd3 68. Kd6 Be2 69. h4 Kb8 70. Ke5 Bd1 71. Kf6 Be2 72. Kg6 h5 73. Kg5 Bd1 74. Bd5 Be2 75. Bc6 Bd1 76. Be8 Kb7 77. Bxh5 Bb3 78. Bg4 Bf7 79. Bf5 Kxb6 80. Bg6 1-0

[Event "Dhaka op"]
[Site "Dhaka"]
[Date "2024.01.19"]
[Round "5"]
[White "Nasim Hossain, Bhuiyan"]
[Black "Zia, Tahsin Tajwar"]
[Result "0-1"]
[WhiteElo "1812"]
[BlackElo "2275"]
[PlyCount "84"]
[EventDate "2024.01.15"]
[EventType "swiss"]
[EventRounds "9"]
[EventCountry "BAN"]
[SourceTitle "CB05_2024"]
[SourceDate "2024.01.31"]
[SourceVersion "1"]
[SourceVersionDate "2024.01.31"]
[SourceQuality "1"]

1. d4 Nf6 2. Bf4 b6 3. e3 Bb7 4. Nf3 e6 5. h3 Be7 6. Nbd2 c5 7. c3 0-0 8. Bd3 d6 9. Qe2 cxd4 10. cxd4 Nd5 11. 0-0 Nxf4 12. exf4 a6 13. f5 exf5 14. Bxf5 Nc6 15. Rac1 Bf6 16. Nb3 g6 17. Bb1 Re8 18. Qd2 Ne7 19. Qd3 Nd5 20. Nbd2 Nf4 21. Qa3 Ne2+ 22. Kh1 Nxc1 23. Rxc1 Rc8 24. Rd1 b5 25. Bd3 Bg5 26. d5 Bxd5 27. Qxa6 Bxd2 28. Nxd2 Qh4 29. Kg1 Qg5 30. Bf1 Rc2 31. Qxb5 Re5 32. Qd3 Rxb2 33. Qd4 Rxa2 34. f4 Qh4 35. Nc4 Re1 36. Rxe1 Qxe1 37. Qxd5 Qf2+ 38. Kh2 Qxf4+ 39. Kg1 Qf2+ 40. Kh2 Qxf1 41. Qe4 Re2 42. Ne3 Qf2 0-1

[Event "Dhaka op"]
[Site "Dhaka"]
[Date "2024.01.16"]
[Round "2"]
[White "Zia, Tahsin Tajwar"]
[Black "Mukitul, Islam Ripon"]
[Result "1-0"]
[WhiteElo "2275"]
[BlackElo "1831"]
[PlyCount "67"]
[EventDate "2024.01.15"]
[EventType "swiss"]
[EventRounds "9"]
[EventCountry "BAN"]
[SourceTitle "CB05_2024"]
[SourceDate "2024.01.31"]
[SourceVersion "1"]
[SourceVersionDate "2024.01.31"]
[SourceQuality "1"]

1. d4 Nf6 2. c4 e5 3. dxe5 Ne4 4. Qd5 Nc5 5. Nc3 b6 6. Bg5 Qxg5 7. Qxa8 Nca6 8. Nf3 Qh6 9. a3 Be7 10. Qe4 0-0 11. g3 Nc5 12. Qc2 Bb7 13. Bg2 Nc6 14. 0-0 g5 15. h3 Qg7 16. Nd5 Bd8 17. Qf5 h6 18. b4 Ne6 19. Rad1 Kh8 20. e3 f6 21. exf6 Bxf6 22. Nxf6 Rxf6 23. Qc2 Nxb4 24. axb4 Bxf3 25. Bxf3 Rxf3 26. Qe4 Rf8 27. Rd2 a5 28. bxa5 bxa5 29. Qd5 a4 30. Qxd7 Nc5 31. Qc6 Qe7 32. Rd5 Ne4 33. Rd7 Qf6 34. Qxe4 1-0

[Event "Dhaka Walton op"]
[Site "Dhaka"]
[Date "2024.01.05"]
[Round "9"]
[White "Zia, Tahsin Tajwar"]
[Black "Mohammad, Minhaz Uddin"]
[Result "1-0"]
[WhiteElo "2303"]
[BlackElo "2221"]
[PlyCount "65"]
[EventDate "2023.12.30"]
[EventType "swiss"]
[EventRounds "9"]
[EventCountry "BAN"]
[SourceTitle "CB02_2024"]
[SourceDate "2024.01.10"]
[SourceVersion "1"]
[SourceVersionDate "2024.01.10"]
[SourceQuality "1"]

1. d4 Nf6 2. c4 e6 3. Nc3 Bb4 4. e3 0-0 5. Bd3 d5 6. cxd5 exd5 7. a3 Bd6 8. Qc2 a6 9. Nge2 Re8 10. Bd2 Nbd7 11. f3 c5 12. g4 c4 13. Bf5 g6 14. g5 gxf5 15. gxf6 Nxf6 16. 0-0-0 b5 17. Ng3 Qd7 18. Rhg1 Kh8 19. e4 dxe4 20. fxe4 Bxg3 21. Rxg3 Nxe4 22. Nxe4 Rxe4 23. d5 f6 24. Bc3 Qf7 25. Rdg1 Bd7 26. Qd2 Rg4 27. Rxg4 fxg4 28. Rf1 Rf8 29. Qh6 Kg8 30. Rxf6 Qg7 31. Qxg7+ Kxg7 32. Rd6+ Kg8 33. Rxd7 1-0

[Event "Dhaka Walton op"]
[Site "Dhaka"]
[Date "2024.01.01"]
[Round "3"]
[White "Zia, Tahsin Tajwar"]
[Black "Mohammad Shafiqul, Islam"]
[Result "1-0"]
[WhiteElo "2303"]
[BlackElo "1928"]
[PlyCount "45"]
[EventDate "2023.12.30"]
[EventType "swiss"]
[EventRounds "9"]
[EventCountry "BAN"]
[SourceTitle "CB02_2024"]
[SourceDate "2024.01.10"]
[SourceVersion "1"]
[SourceVersionDate "2024.01.10"]
[SourceQuality "1"]

1. d4 Nf6 2. Bg5 d5 3. e3 e6 4. Nd2 Nbd7 5. f4 c5 6. c3 Qa5 7. Bd3 c4 8. Bc2 b5 9. a3 Bb7 10. Ngf3 Qc7 11. Ne5 Nb6 12. Qf3 Bd6 13. Bh4 0-0-0 14. a4 bxa4 15. Bxa4 Nxa4 16. Rxa4 a6 17. 0-0 Rdf8 18. Qe2 Kb8 19. Rb1 Nd7 20. b3 Nb6 21. Ra2 f6 22. bxc4 Bxe5 23. c5 1-0

[Event "BAN-ch U18 41st"]
[Site "Dhaka"]
[Date "2023.12.25"]
[Round "2"]
[White "Khondoker, Mahrus Makil"]
[Black "Zia, Tahsin Tajwar"]
[Result "0-1"]
[WhiteElo "1402"]
[BlackElo "2303"]
[PlyCount "46"]
[EventDate "2023.12.25"]
[EventType "swiss"]
[EventRounds "9"]
[EventCountry "BAN"]
[SourceTitle "CB01_2024"]
[SourceDate "2024.01.03"]
[SourceVersion "1"]
[SourceVersionDate "2024.01.03"]
[SourceQuality "1"]

1. e4 c5 2. Nf3 e6 3. g3 Nc6 4. Bg2 d6 5. 0-0 e5 6. c3 Bg4 7. h3 Bh5 8. g4 Bg6 9. d3 Be7 10. Re1 Nf6 11. Nbd2 h5 12. g5 Nh7 13. h4 f6 14. gxf6 Bxf6 15. Nf1 Bf7 16. Ne3 Bxh4 17. Nf5 Bf6 18. Be3 g6 19. Nh6 Be6 20. Qd2 g5 21. d4 g4 22. d5 gxf3 23. Bxf3 Ng5 0-1

[Event "Penang op 15th"]
[Site "Penang"]
[Date "2023.12.22"]
[Round "8"]
[White "Zia, Tahsin Tajwar"]
[Black "Sidabutar, Uriel Noah Oloan"]
[Result "1-0"]
[WhiteElo "2303"]
[BlackElo "2008"]
[PlyCount "111"]
[EventDate "2023.12.18"]
[EventType "swiss"]
[EventRounds "9"]
[EventCountry "MAS"]
[SourceTitle "CB52_2023"]
[SourceDate "2023.12.27"]
[SourceVersion "1"]
[SourceVersionDate "2023.12.27"]
[SourceQuality "1"]

1. Nf3 Nf6 2. c4 g6 3. b3 Bg7 4. Bb2 0-0 5. g3 d5 6. Bg2 c5 7. cxd5 Nxd5 8. Bxg7 Kxg7 9. 0-0 Nc6 10. d4 cxd4 11. Nxd4 Nxd4 12. Qxd4+ Nf6 13. Qe5 Qb6 14. Nc3 Bd7 15. Nd5 Qb5 16. Qb2 Rad8 17. a4 Qc5 18. e4 Be6 19. Rfc1 Qa5 20. b4 Qa6 21. Nc7 Qd3 22. Nxe6+ fxe6 23. Qe5 Qd6 24. Qb2 Qd3 25. h3 Kf7 26. Ra3 Qd4 27. Qb1 Kg7 28. Rc7 Rd7 29. Rac3 Rfd8 30. R7c4 Qb6 31. Rc1 Rd2 32. Rc5 Nd7 33. a5 Qd6 34. Qa1+ Kf7 35. e5 Qd3 36. R5c3 Qd4 37. Rf3+ Kg7 38. Qxd4 Rxd4 39. Rc7 Rxb4 40. Rd3 Rb5 41. Rdxd7 Rxd7 42. Rxd7 Rxe5 43. Rxb7 Rxa5 44. Rxe7+ Kf6 45. Rxh7 Ra1+ 46. Kh2 Ra2 47. f4 a5 48. g4 e5 49. fxe5+ Kxe5 50. Kg3 a4 51. Ra7 g5 52. Ra5+ Kf6 53. Rf5+ Kg6 54. Be4 Re2 55. Kf3 Ra2 56. Rf7+ 1-0

[Event "Titled Tuesday intern op 19th Sep Early"]
[Site "Chess.com INT"]
[Date "2023.09.19"]
[Round "3"]
[White "Vovk, Orest"]
[Black "Zia, Tahsin Tajwar"]
[Result "0-1"]
[WhiteElo "2315"]
[BlackElo "2321"]
[PlyCount "74"]
[EventDate "2023.09.19"]
[EventType "swiss (blitz)"]
[EventRounds "11"]
[EventCountry "USA"]
[SourceTitle "EXT 2024"]
[Source "ChessBase"]
[SourceDate "2023.10.10"]
[SourceVersion "1"]
[SourceVersionDate "2023.10.10"]
[SourceQuality "1"]

1. g4 d5 2. h3 h5 3. g5 e5 4. Bg2 Ne7 5. d4 e4 6. c4 c6 7. Nc3 Nf5 8. Bf4 Bb4 9. e3 Qa5 10. Qb3 0-0 11. h4 Be6 12. cxd5 cxd5 13. g6 Nc6 14. gxf7+ Bxf7 15. Nge2 Rad8 16. 0-0-0 Qa6 17. Ng3 Nd6 18. Kb1 Nc4 19. Bf1 b5 20. Nf5 Be6 21. Bh3 Bxf5 22. Bxf5 Rxf5 23. Rhg1 Bxc3 24. Qxc3 b4 25. Qb3 Qb7 26. Rg6 a5 27. Qa4 Rf6 28. Rg5 Ne7 29. Rdg1 Nf5 30. Be5 Rf7 31. Rxf5 Rxf5 32. Rxg7+ Qxg7 33. Bxg7 Kxg7 34. Qxa5 Rd7 35. Qxb4 Rxf2 36. a3 Rxb2+ 37. Qxb2 Nxb2 0-1

[Event "Titled Tuesday intern op 19th Sep Early"]
[Site "Chess.com INT"]
[Date "2023.09.19"]
[Round "5"]
[White "Zia, Tahsin Tajwar"]
[Black "Chemin, Vitorio"]
[Result "0-1"]
[WhiteElo "2321"]
[BlackElo "2150"]
[PlyCount "66"]
[EventDate "2023.09.19"]
[EventType "swiss (blitz)"]
[EventRounds "11"]
[EventCountry "USA"]
[SourceTitle "EXT 2024"]
[Source "ChessBase"]
[SourceDate "2023.10.10"]
[SourceVersion "1"]
[SourceVersionDate "2023.10.10"]
[SourceQuality "1"]

1. e4 c5 2. Nf3 Nc6 3. Bc4 e6 4. 0-0 d5 5. Bb5 dxe4 6. Ne5 Qc7 7. Nxc6 bxc6 8. Bc4 f5 9. d3 exd3 10. Qxd3 Bd6 11. Re1 Qe7 12. Bg5 Nf6 13. Nc3 Bxh2+ 14. Kh1 Bc7 15. Rad1 Ng4 16. Bxe7 Nxf2+ 17. Kg1 Nxd3 18. Rxd3 Kxe7 19. Bxe6 Bxe6 20. Rde3 Rhe8 21. Rxe6+ Kf7 22. Rxe8 Rxe8 23. Rxe8 Kxe8 24. Na4 Bd6 25. c4 Kf7 26. Kf2 Ke6 27. Kf3 g5 28. a3 h5 29. Nc3 Be5 30. Nd1 g4+ 31. Ke2 Bd4 32. Kd3 Ke5 33. Ke2 f4 0-1

[Event "Asia-ch Blitz U20"]
[Site "Jamshedpur"]
[Date "2023.09.15"]
[Round "9"]
[White "Rohith, S2222"]
[Black "Zia, Tahsin Tajwar"]
[Result "0-1"]
[WhiteElo "1481"]
[BlackElo "2062"]
[PlyCount "128"]
[EventDate "2023.09.15"]
[EventType "swiss (blitz)"]
[EventRounds "9"]
[EventCountry "IND"]
[SourceTitle "EXT 2024"]
[Source "ChessBase"]
[SourceDate "2023.10.10"]
[SourceVersion "1"]
[SourceVersionDate "2023.10.10"]
[SourceQuality "1"]

1. e4 e6 2. d3 d5 3. Nd2 Nf6 4. Ngf3 Nc6 5. Be2 dxe4 6. dxe4 e5 7. 0-0 Bg4 8. c3 Bc5 9. Qb3 Bb6 10. h3 Bxf3 11. Bxf3 0-0 12. Re1 Qe7 13. Nf1 Rfd8 14. Bg5 h6 15. Bh4 Rd3 16. Rad1 Rad8 17. Rxd3 Rxd3 18. Rd1 Na5 19. Qc2 Rxd1 20. Qxd1 Nc4 21. b3 Nd6 22. Qe2 g5 23. Bg3 Nd7 24. Ne3 Bxe3 25. Qxe3 b6 26. Qd3 a5 27. Qd5 Kg7 28. Bg4 f6 29. Qc6 Nc5 30. f3 Qf7 31. b4 axb4 32. cxb4 Nd3 33. h4 Nxb4 34. Qa8 Nxa2 35. hxg5 hxg5 36. Be1 Nc1 37. Qd8 Ne2+ 38. Kf1 Nd4 39. Kg1 b5 40. Bb4 Nc6 41. Qa8 Nxb4 42. Qa5 Nc6 43. Qa8 Nd4 44. Qb8 Nc4 45. Qc8 Ne3 46. Bd7 Qa2 47. Bh3 Ne2+ 48. Kh2 Qf7 49. Be6 Qf8 50. Qxc7+ Kh6 51. Bh3 Nf4 52. Qb6 Nxh3 53. Kxh3 Nc4 54. Qxb5 Nd6 55. Qb6 Qe7 56. Kh2 Kg7 57. Qc6 Nf7 58. Qa8 g4 59. Qa1 gxf3 60. gxf3 Ng5 61. Kg3 Qd7 62. Qh1 Qd3 63. Kg4 Qe3 64. Kf5 Qf4# 0-1

[Event "Asia-ch U20"]
[Site "Jamshedpur"]
[Date "2023.09.15"]
[Round "9"]
[White "Zia, Tahsin Tajwar"]
[Black "Dhyey, Agarwal"]
[Result "1-0"]
[WhiteElo "2321"]
[BlackElo "2178"]
[PlyCount "107"]
[EventDate "2023.09.09"]
[EventType "swiss"]
[EventRounds "9"]
[EventCountry "IND"]
[SourceTitle "EXT 2024"]
[Source "ChessBase"]
[SourceDate "2023.10.10"]
[SourceVersion "1"]
[SourceVersionDate "2023.10.10"]
[SourceQuality "1"]

1. d4 Nf6 2. c4 g6 3. g3 Bg7 4. Bg2 d5 5. cxd5 Nxd5 6. e4 Nb6 7. Ne2 c5 8. d5 0-0 9. 0-0 e6 10. Nec3 Na6 11. a4 exd5 12. exd5 Nc4 13. Na3 Ne5 14. Ne4 Bg4 15. Qb3 b6 16. Bg5 f6 17. Bf4 Kh8 18. h3 Bf5 19. Rad1 Qd7 20. Kh2 Rae8 21. Rfe1 Nb4 22. Nb5 Nbd3 23. Re2 c4 24. Qa3 Nxf4 25. gxf4 Nd3 26. Nbd6 Nxf4 27. Nxe8 Rxe8 28. Rde1 Nxe2 29. Rxe2 Bf8 30. Qc3 Bd6+ 31. Kg1 Be5 32. Qd2 Qxa4 33. f4 Qa1+ 34. Kh2 Bxb2 35. Nd6 Rf8 36. Qxb2 Qxb2 37. Rxb2 Bd3 38. Rb4 c3 39. Rb3 c2 40. Rc3 b5 41. Be4 b4 42. Rc7 Bxe4 43. Nxe4 b3 44. Nd2 Rd8 45. Nxb3 Rxd5 46. Rxc2 g5 47. Nc5 Kg7 48. Ne4 Rd4 49. Ng3 Rd7 50. f5 a5 51. Nh5+ Kf7 52. Rc6 Rd5 53. Rxf6+ Kg8 54. Ng3 1-0

[Event "Asia-ch Blitz U20"]
[Site "Jamshedpur"]
[Date "2023.09.15"]
[Round "4"]
[White "Zia, Tahsin Tajwar"]
[Black "Kushagra, Mohan"]
[Result "0-1"]
[WhiteElo "2062"]
[BlackElo "2377"]
[PlyCount "78"]
[EventDate "2023.09.15"]
[EventType "swiss (blitz)"]
[EventRounds "9"]
[EventCountry "IND"]
[SourceTitle "EXT 2024"]
[Source "ChessBase"]
[SourceDate "2023.10.10"]
[SourceVersion "1"]
[SourceVersionDate "2023.10.10"]
[SourceQuality "1"]

1. Nf3 Nf6 2. b3 g6 3. Bb2 Bg7 4. g3 0-0 5. Bg2 d6 6. d4 Nbd7 7. 0-0 c6 8. c4 Qc7 9. Nc3 e5 10. e4 Re8 11. h3 exd4 12. Nxd4 Nc5 13. Re1 Bd7 14. Qd2 Rad8 15. Rad1 Bc8 16. Nc2 Nfd7 17. b4 Ne6 18. Ne3 Nf6 19. f4 Nh5 20. Kh2 d5 21. cxd5 Nxg3 22. d6 Qb8 23. Kxg3 Nxf4 24. Kxf4 Be5+ 25. Kf3 Rxd6 26. Qc2 Rf6+ 27. Ke2 b6 28. b5 Rfe6 29. Qb3 a5 30. a4 Bg7 31. bxc6 Rxc6 32. Nb5 Bh6 33. Rf1 Be6 34. Qd3 Qh2 35. Qd4 f6 36. Qxf6 Bc4+ 37. Ke1 Rxf6 38. Rxf6 Bxe3 39. Bf1 Qg3+ 0-1

[Event "Asia-ch U20"]
[Site "Jamshedpur"]
[Date "2023.09.14"]
[Round "8"]
[White "Adireddy, Arjun"]
[Black "Zia, Tahsin Tajwar"]
[Result "0-1"]
[WhiteElo "2057"]
[BlackElo "2321"]
[PlyCount "100"]
[EventDate "2023.09.09"]
[EventType "swiss"]
[EventRounds "9"]
[EventCountry "IND"]
[SourceTitle "EXT 2024"]
[Source "ChessBase"]
[SourceDate "2023.10.10"]
[SourceVersion "1"]
[SourceVersionDate "2023.10.10"]
[SourceQuality "1"]

1. e4 e6 2. d4 d5 3. Bd3 dxe4 4. Bxe4 Nf6 5. Bf3 c5 6. Ne2 Be7 7. 0-0 0-0 8. dxc5 Qc7 9. b4 a5 10. c3 Nc6 11. Qb3 Ne5 12. Nd4 Nxf3+ 13. Nxf3 e5 14. Re1 e4 15. Nfd2 Ng4 16. Nf1 Be6 17. Qc2 f5 18. Nbd2 b6 19. Nxe4 Bd5 20. Neg3 Bh4 21. h3 f4 22. hxg4 fxg3 23. fxg3 Bxg3 24. Nxg3 Qxg3 25. Be3 Rae8 26. Qd2 Bxg2 27. Qxg2 Rxe3 28. Qxg3 Rxg3+ 29. Kh2 Rxg4 30. cxb6 Rf6 31. Re8+ Kf7 32. Re3 Rxb6 33. Rf1+ Kg6 34. a3 h5 35. Re5 axb4 36. cxb4 Rd6 37. Rf3 Kh6 38. Re2 g6 39. b5 Rb6 40. Rb3 Ra4 41. Re8 Ra5 42. Re5 h4 43. Kh3 g5 44. Rc5 Kh5 45. Rd5 Ra4 46. Rc5 Rd4 47. Re5 Rbd6 48. Rbe3 Rd2 49. a4 Rf2 50. Re2 Rd3+ 0-1